| 000 | 00804nam a22002537i 4500 | ||
|---|---|---|---|
| 003 | EG-ScBUE | ||
| 005 | 20230605110205.0 | ||
| 008 | 200219t2008 gr a f 001 0 eng d | ||
| 020 | _a9780077121204 | ||
| 020 | _a0077121201 | ||
| 040 |
_aEG-ScBUE _beng _erda _cEG-ScBUE _dEG-ScBUE |
||
| 082 | 0 | 4 |
_222 _a378.1 _bENG |
| 245 | 0 | 0 | _aEngineering and computer science, 2008. |
| 264 | 1 |
_aAthens, Greece : _bMcGraw Hill, _c[2008] |
|
| 300 |
_a86 pages : _billustrations ; _c28 cm |
||
| 336 |
_2rdacontent _atext _btxt |
||
| 337 |
_2rdamedia _aunmediated _bn |
||
| 338 |
_2rdacarrier _avolume _bnc |
||
| 500 | _aIncludes index. | ||
| 650 | 7 |
_aComputer science _xStudy and teaching (Graduate) _2BUEsh |
|
| 650 | 7 |
_aEngineering _xStudy and teaching (Graduate) _2BUEsh |
|
| 655 | _vReading book | ||
| 942 |
_2ddc _cBB |
||
| 999 |
_c30451 _d30422 |
||